Statistics for Amoeba - Clairo (All Lyrics)

Click here to take the quiz!

General Stats

  • This quiz has been taken 13 times
  • The average score is 195 of 253

Answer Stats

Answer% Correct
a
100%
I
100%
you
100%
You
100%
your
100%
and
92%
be
92%
Between
92%
hell
92%
In
92%
in
92%
show
92%
the
92%
The
92%
to
92%
disguise?
83%
everything
83%
gaps
83%
glad
83%
it
83%
keep
83%
laps
83%
memory
83%
Nobody
83%
not
83%
of
83%
reside
83%
swimming
83%
That
83%
that
83%
under
83%
Aren't
75%
as
75%
but
75%
called
75%
cement
75%
chambers
75%
close
75%
convince
75%
deep
75%
differently
75%
epiphany
75%
family
75%
goes
75%
good
75%
got
75%
Got
75%
Have
75%
hope
75%
I'll
75%
inside
75%
just
75%
lack
75%
neighborhood
75%
party
75%
say
75%
shown
75%
some
75%
tonight
75%
tried
75%
tried?
75%
twice
75%
up
75%
was
75%
wraps
75%
yet
75%
You're
75%
12
67%
can
67%
centerfold
67%
corner
67%
Could
67%
ends
67%
friend
67%
haven't
67%
join
67%
leave
67%
mama's
67%
myself
67%
photos
67%
sewn
67%
toes
67%
touch
67%
turns
67%
when
67%
Echo
58%
even
58%
find
58%
gather
58%
jealousy
58%
precious
58%
sip
58%
time
58%
toast
58%
what
58%
woods
58%
fool's
50%
goodbyes
50%
here
50%
How
50%
imitate
50%
into
50%
mock
50%
normalcy
50%
our
50%
pool
50%
sentiment
50%
shed
50%
way
50%
back
42%
can't
42%
deny
42%
humility's
42%
know
42%
point
42%
Pulling
42%
wasting
42%
We'll
42%
you've
42%
forever-while
33%

Score Distribution

Percentile by Number Answered

Percent of People with Each Score

Your Score History

You have not taken this quiz